| 000 | 00508nam a2200181Ia 4500 | ||
|---|---|---|---|
| 999 |
_c14285 _d14285 |
||
| 003 | OSt | ||
| 005 | 20201113104236.0 | ||
| 008 | 190216s9999||||xx |||||||||||||| ||und|| | ||
| 020 | _a8188234109 | ||
| 040 | _coclc | ||
| 082 |
_a823 _bRAO/C |
||
| 100 |
_aRao, Gayatri _96245 |
||
| 245 | 0 |
_aCurtains : _bStories by 9 Women / _cGayatri Rao |
|
| 260 |
_bUni Sun Publications, _aBangalore : _c2005. |
||
| 300 | _a252p | ||
| 650 | _aEnglish | ||
| 942 |
_cBK _2ddc _h823.1 _iRAO/C _k823.1 _mRAO/C |
||